Las democracias contemporáneas : Un estudio comparativo /
Guardado en:
| Autor Principal: | |
|---|---|
| Otros Autores: | |
| Formato: | Desconocido |
| Idioma: | Spanish |
| Publicado: |
Barcelona :
Ariel,
1987
|
| Edición: | 1ª ed. |
| Series: | Ariel ciencia política
|
| Materias: | |
| Etiquetas: |
Agregar Etiqueta
Sin Etiquetas, Sea el primero en etiquetar este registro!
|
| LEADER | 00681nac a22001935a 4500 | ||
|---|---|---|---|
| 001 | DER.der002236 | ||
| 005 | 20061003000000.0 | ||
| 008 | 180615s1987####||||||||||||||||||||spa|| | ||
| 020 | |a 84-344-1681-6 | ||
| 100 | 1 | |a Lijphart, Arend | |
| 245 | 1 | 0 | |a Las democracias contemporáneas : |b Un estudio comparativo / |c Arend Lijphart |
| 250 | |a 1ª ed. | ||
| 260 | |a Barcelona : |b Ariel, |c 1987 | ||
| 300 | 0 | |a 255 p. | |
| 440 | 0 | |a Ariel ciencia política | |
| 500 | 1 | |a La edición española ha contado con las aportaciones de Thomas C. Bruneau, P. Nikiforas Diamandouros y Richard Gunther | |
| 653 | |a DEMOCRACIA | ||
| 700 | 1 | |a Botella, Juan |e prologuista | |
| 859 | |a DERECHO |b BIB. DERECHO |h 321.4 |i LIJ |p 004369 | ||
